000 00651nam a22001937a 4500
003 DO-CoUTE
005 20260507142330.0
008 260507b dr ||||| |||| 00| 0 spa d
040 _aDO-CoUTE
_bspa
_cDO-CoUTE
082 _aRD972.93054C758a
100 1 _aContanzo Santana, Jose Antonio
_eAutor
245 1 0 _aAlgo Para mis nietos :
_cVivencias de un militante del 14 de junio y la güerilla
260 _aRepublica Dominicana ;
_bTaller
_c2002
300 _a193 Paginas :
_c23cm,
504 _aIncluye referencia bibliográfica e índice.
650 4 _avivencias
700 1 _aJosé Antonio Constanzo Santana
_eAutor
942 _2ddc
_cBK
999 _c24179
_d24179